Piłka nożna - Premier League kółko i krzyżyk vol.7 - Statystyki

Ogólne statystyki
  • Ten quiz został rozwiązany 549 razy
  • Średni wynik to 6 z 9
Statystyki odpowiedzi
Hint Odpowiedź % Poprawnych
Chelsea/Niemcy Werner | Havertz | Rudiger | Schurrle | Marin | Ballack | Huth
94%
Arsenal/Niemcy Havertz | Leno | Mustafi | Ozil | Gnabry | Podolski | Mertesacker | Eisfeld | Lehmann | Volz | Malz | Mendez
92%
Arsenal/Włochy Calafiori | Jorginho | Mannone | Lupoli
89%
Chelsea/Włochy Casadei | Jorginho | Emerson | Zappacosta | Borini | Ambrosio | Panucci | Cudicini | Dalla Bona | Ambrosetti | Casiraghi | Vialli | Di Matteo | Zola
87%
Spurs/Włochy Vicario | Udogie | Gollini | Cudicini | Tramezzani | Berti
66%
Spurs/Niemcy Werner | Holtby | Ziege | Freund | Klinsmann
60%
Arsenal/Rosja Arshavin
50%
Chelsea/Rosja Zhirkov | Smertin | Kharin
14%
Spurs/Rosja Pavlyuchenko
9%
Nie znaleziono quizów pasujących do podanych kryteriów
Rozkład punktacji
Procent ludzi z każdym wynikiem
Percentyl według liczby udzielonych odpowiedzi
Twoja historia wyników
Nie rozwiązałeś tego quizu